Countries that Start with T - Sudden Death - Statistics

General Stats
  • This quiz has been taken 216 times
  • The average score is 9 of 11
Answers on the Grid
Answers color-coded by a green-red scale on the quiz's grid according to % correct below.
Taipei
Taiwan
Tajikistan
Tallinn
Tanzania
Tashkent
Tasmania
Tbilisi
Tehran
Thailand
Tijuana
Tirana
Tiraspol
Togo
Tonga
Transylvania
Trinidad and Tobago
Tripoli
Tunisia
Turkey
Turkmenistan
Tuvalu
 
Answer Stats
Answer % Correct
Taiwan
100%
Tajikistan
100%
Tanzania
100%
Thailand
82%
Trinidad and Tobago
82%
Turkey
82%
Turkmenistan
82%
Togo
76%
Tonga
76%
Tunisia
76%
Tuvalu
76%
No matching quizzes found
Score Distribution
Percent of People with Each Score
Percentile by Number Answered
Your Score History
You have not taken this quiz